000 00811nam a2200253Ia 4500
003 OSt
005 20220926005455.0
006 a|||||r|||| 00| 0
007 ta
008 220923b |||||||| |||| 00| 0 eng d
037 _cGeneral Book
040 _aRTL
_cRTL
_beng
041 _2eng
_aeng
082 _aX9(J):2.2.N73<--N62, L9
100 _aBhalla G S
_925216
245 0 _aPerformance of Indian agriculture
_b A district wis
260 _a New Delhi
_bStering India
_c1979
300 _axvi, 239p.
_ccm.
500 _aIndia, Planning Commission; Centre for the study of Regional Development, JNU
650 _aAgriculture Industry
700 _a Alagh Y K
_9123485
942 _hX9(J):2.2.N73<--N62, L9
_cGB
_2CC
999 _c613951
_d613951